Drapeaux de pays de plus en plus petits... - Statistiques

Statistiques générales
  • Ce quiz a été pris 3 498 fois
    3 304 depuis la dernière actualisation
  • Le résultat moyen est 20 sur 23
Statistiques - réponses
Pays % Correct
Espagne
100%
États-Unis
100%
Italie
100%
Israël
99%
Suède
99%
Brésil
98%
Chypre
98%
Albanie
97%
Tunisie
97%
Uruguay
95%
Macédoine du Nord
94%
Estonie
92%
Iran
92%
Kenya
91%
Bangladesh
86%
Angola
81%
Somalie
77%
Costa Rica
76%
Barbade
75%
Turkménistan
68%
Koweït
62%
République du Congo
62%
Salomon
44%
Aucun quiz correspondant
Distribution des résultats
% des personnes avec chaque résultat
Percentile par nombre de réponses
Votre historique - résultats
Vous n’avez pas pris ce quiz depuis la dernière actualisation